[Event "RUDAR 2 IM 2022"]
[Site "Pozarevac"]
[Date "2022.04.06"]
[Round "5.3"]
[White "Andreev, Konstantin"]
[Black "Ivanovic, Marko"]
[Result "1-0"]
[WhiteElo "2238"]
[BlackElo "2302"]
[Annotator "TA"]
[PlyCount "97"]
[EventDate "2022.03.27"]
[EventType "tourn"]
[EventCountry "SRB"]
[SourceTitle "playchess.com"]
[Source "ChessBase"]
[SourceQuality "1"]
[TimeControl "40/5400+30:900+30"]

{[%evp 55,97,26,22,0,8,8,7,0,52,0,104,105,108,87,95,87,338,343,340,335,316,315,390,375,450,448,576,564,568,556,539,573,564,541,631,639,675,669,647,585,1162,991,1305,0]} 1. e4 {[%emt 0:00:08]} e5 {[%emt 0:11:35]} 2. Nf3 {[%emt 0:00:07]} Nc6 {[%emt 0:00:49]} 3. Bc4 {[%emt 0:00:09]} Nf6 {[%emt 0:00:08]} 4. d4 {[%emt 0:00:11]} exd4 {[%emt 0:00:21]} 5. e5 {[%emt 0:00:07]} d5 {[%emt 0:00:03]} 6. Bb5 {[%emt 0:00:08]} Ne4 {[%emt 0:00:04]} 7. Nxd4 {[%emt 0:00:06]} Bd7 {[%emt 0:00:03]} 8. Bxc6 {[%emt 0:00:21]} bxc6 {[%emt 0:00:04]} 9. O-O {[%emt 0:00:43]} Be7 {[%emt 0:00:05]} 10. f3 {[%emt 0:01:07]} Nc5 {[%emt 0:00:06]} 11. f4 {[%emt 0:00:26]} O-O {[%emt 0:00:12]} 12. Nc3 {[%emt 0:05:40]} f5 {[%emt 0:20:05]} 13. Be3 {[%emt 0:08:20]} Ne6 {[%emt 0:01:25]} 14. Nb3 {[%emt 0:05:22]} a5 {[%emt 0:02:42]} 15. Na4 {[%emt 0:06:07]} Qb8 {[%emt 0:09:45]} 16. c4 {[%emt 0:14:25]} Rd8 {[%emt 0:06:49]} 17. cxd5 {[%emt 0:00:54]} Bc8 {[%emt 0:07:27]} 18. d6 {[%emt 0:10:02]} cxd6 {[%emt 0:00:12]} 19. exd6 {[%emt 0:00:22]} Bxd6 {[%emt 0:01:59]} 20. Qf3 {[%emt 0:06:21]} Ba6 {[%emt 0:27:07]} 21. Rfd1 {[%emt 0:01:05]} Bb5 {[%emt 0:08:41]} 22. Nac5 {[%emt 0:07:13]} Nxc5 {[%emt 0:01:10]} 23. Nxc5 {[%emt 0:00:15]} Bxc5 {[%emt 0:00:28]} 24. Bxc5 {[%emt 0:00:05]} Qc7 {[%emt 0:00:37]} 25. Bd4 {[%emt 0:00:47]} Rd5 {[%emt 0:00:24]} 26. Be5 {[%emt 0:05:16]} Qa7+ {[%emt 0:00:03]} 27. Kh1 {[%emt 0:00:23]} Rad8 {[%emt 0:00:04]} 28. Rxd5 {[%emt 0:01:33]} Rxd5 {[%emt 0:00:05]} 29. Rc1 {[%emt 0:01:58]} (29. Rd1 $5 {[%cal Rd1d5]} Qe3 30. Qxe3 Rxd1+ 31. Qg1 $1 Rxg1+ 32. Kxg1 $11) 29... Qd7 {[%emt 0:00:34]} 30. h3 {[%emt 0:06:03]} Rd3 {[%emt 0:01:44]} 31. Qh5 {[%emt 0:01:07]} Rd2 {[%emt 0:00:35]} (31... Qf7 $11 32. Qxf7+ Kxf7) 32. Re1 {[%emt 0:00:41]} (32. Bc3 $14 Re2 33. a4) 32... g6 {[%emt 0:00:33]} (32... Qf7 $11 33. Qf3 a4) 33. Qg5 {[%emt 0:01:00]} Qe6 {[%emt 0:00:24]} 34. Qh6 {[%emt 0:01:04]} Qe7 {[%emt 0:00:24] [#]} 35. Kh2 $1 {[%emt 0:00:15]} Re2 $2 {[%emt 0:00:42][%mdl 8192] [#]} (35... c5 $16 {keeps fighting.}) 36. Rd1 $1 $18 {[%emt 0:00:11]} Rxe5 {[%emt 0:00:26]} 37. fxe5 {[%emt 0:00:08]} Qxe5+ {[%emt 0:00:02]} 38. Kh1 {[%emt 0:00:10]} Qe7 {[%emt 0:00:49]} 39. Qd2 {[%emt 0:01:09]} Bc4 {[%emt 0:01:14]} 40. Qd8+ {[%emt 0:00:00]} Qxd8 {[%emt 0:00:00]} 41. Rxd8+ {[%emt 0:00:44]} Kf7 {[%emt 0:00:00]} 42. b3 {[%emt 0:00:24]} Bd5 {[%emt 0:00:00]} 43. Ra8 {[%emt 0:00:42]} Ke6 {[%emt 0:01:01]} 44. Rxa5 {[%emt 0:00:09]} h5 {[%emt 0:00:09]} 45. h4 {[%emt 0:00:26]} f4 {[%emt 0:00:03]} 46. Ra8 {[%emt 0:00:30]} Kf5 {[%emt 0:00:07]} 47. Kh2 {[%emt 0:00:28]} Kg4 {[%emt 0:00:04]} 48. Rd8 {[%emt 0:00:40]} Kxh4 {[%emt 0:00:05]} 49. Rxd5 $2 {[%emt 0:00:41]} (49. Rd6 $18 g5 50. a4 Bxb3 51. a5) 1-0

[Event "RUDAR 2 IM 2022"]
[Site "Pozarevac"]
[Date "2022.04.06"]
[Round "5.4"]
[White "Anishka Vikram"]
[Black "Bryakin, Mikhail"]
[Result "0-1"]
[WhiteElo "2000"]
[BlackElo "2481"]
[Annotator "TA"]
[PlyCount "110"]
[EventDate "2022.03.27"]
[EventType "tourn"]
[EventCountry "SRB"]
[SourceTitle "playchess.com"]
[Source "ChessBase"]
[SourceQuality "1"]
[TimeControl "40/5400+30:900+30"]

{[%evp 56,110,-185,-175,-151,-456,-462,-464,-456,-450,-418,-400,-402,-487,-459,-693,-664,-681,-671,-744,-739,-701,-687,-697,-691,-689,-692,-691,-664,-683,-651,-683,-680,-670,-639,-645,-621,-781,-741,-824,-820,-1127,-1050,-5597,-5189,-29971,-29972,-29973,-29974,-29971,-29972,-29976,-29977,-29982,-29983,-29984,-29985]} 1. d4 {[%emt 0:00:04]} d6 {[%emt 0:00:06]} 2. c4 {[%emt 0:00:18]} e5 {[%emt 0:00:06]} 3. d5 {[%emt 0:00:25]} a5 {[%emt 0:00:06]} 4. Nc3 {[%emt 0:00:46]} Na6 {[%emt 0:00:06]} 5. e4 {[%emt 0:01:03]} g6 {[%emt 0:00:09]} 6. Nf3 {[%emt 0:00:21]} h5 {[%emt 0:02:01]} 7. Be2 {[%emt 0:02:44]} Bh6 {[%emt 0:02:10]} 8. b3 {[%emt 0:04:52]} Bxc1 {[%emt 0:02:45]} 9. Rxc1 {[%emt 0:01:13]} Bg4 {[%emt 0:01:14]} 10. a3 {[%emt 0:04:12]} h4 {[%emt 0:03:03]} 11. h3 {[%emt 0:06:53]} Bxf3 {[%emt 0:00:25]} 12. Bxf3 {[%emt 0:00:08]} f5 {[%emt 0:03:24]} 13. exf5 {[%emt 0:12:50]} gxf5 {[%emt 0:00:12]} 14. Bh5+ {[%emt 0:00:33]} Kf8 {[%emt 0:00:32]} 15. Be2 {[%emt 0:05:43]} Qg5 {[%emt 0:02:07]} 16. Qc2 {[%emt 0:02:13]} Ne7 {[%emt 0:01:03]} 17. Rg1 {[%emt 0:03:32]} Ng6 {[%emt 0:07:35]} 18. g4 {[%emt 0:10:17]} hxg3 {[%emt 0:02:54]} 19. Rxg3 {[%emt 0:00:20]} Qf6 {[%emt 0:00:10]} 20. Kd2 {[%emt 0:03:48]} Kf7 {[%emt 0:06:39]} 21. Rcg1 {[%emt 0:02:00]} Rag8 {[%emt 0:00:46]} 22. Rg5 {[%emt 0:02:04]} Ne7 {[%emt 0:00:39]} 23. Rxg8 {[%emt 0:01:48]} Rxg8 {[%emt 0:01:46]} 24. Rxg8 {[%emt 0:02:08]} Nxg8 {[%emt 0:01:12]} 25. Bh5+ {[%emt 0:01:30]} Kf8 {[%emt 0:01:07]} 26. Qd1 {[%emt 0:01:04]} Qh4 {[%emt 0:01:32]} 27. Ke1 {[%emt 0:08:35]} Nf6 {[%emt 0:00:42]} 28. Be2 {[%emt 0:00:13]} Qxh3 {[%emt 0:00:52]} 29. Qd3 {[%emt 0:01:04]} Qh1+ {[%emt 0:01:55]} 30. Kd2 $2 {[%emt 0:00:17]} (30. Bf1 $17) 30... Nc5 $19 {[%emt 0:02:28]} 31. Qb1 {[%emt 0:10:16]} Qxb1 {[%emt 0:02:40]} 32. Nxb1 {[%emt 0:00:02]} Nxb3+ {[%emt 0:00:13]} 33. Kc3 {[%emt 0:00:12]} Nc5 {[%emt 0:00:40]} 34. f3 {[%emt 0:00:59]} Kg7 {[%emt 0:00:30]} 35. Nd2 {[%emt 0:02:17]} (35. Kc2 $142 Nfd7 36. Nc3) 35... Kh6 $19 {[%emt 0:01:39]} 36. Nf1 {[%emt 0:01:31]} Kg5 {[%emt 0:00:12]} 37. Bd1 {[%emt 0:01:29]} Kf4 {[%emt 0:01:05]} 38. Kd2 {[%emt 0:00:34]} Nfd7 {[%emt 0:02:21]} 39. Ne3 {[%emt 0:01:33]} Nb6 {[%emt 0:00:40]} 40. Bc2 {[%emt 0:00:00]} Kxf3 {[%emt 0:00:00]} 41. Bxf5 {[%emt 0:02:47]} Ne4+ {[%emt 0:05:40]} 42. Kd3 {[%emt 0:01:12]} Nf2+ {[%emt 0:00:12]} 43. Kd2 {[%emt 0:00:05]} Kf4 {[%emt 0:00:26]} 44. Ke2 {[%emt 0:02:50]} Ne4 {[%emt 0:00:37]} 45. Bg6 {[%emt 0:00:40]} Nf6 {[%emt 0:01:59]} 46. Bd3 {[%emt 0:02:05]} e4 {[%emt 0:00:25]} 47. Bb1 {[%emt 0:00:31]} Ng4 {[%emt 0:00:38]} 48. Nxg4 {[%emt 0:01:58]} Kxg4 {[%emt 0:00:07]} 49. Bxe4 {[%emt 0:00:49]} Nxc4 {[%emt 0:00:11]} 50. Bd3 {[%emt 0:00:03]} Nxa3 {[%emt 0:01:00]} 51. Kd2 {[%emt 0:00:18]} b5 {[%emt 0:00:10]} 52. Kc3 {[%emt 0:00:06]} Kf4 {[%emt 0:00:15]} 53. Kb3 {[%emt 0:00:30]} Nc4 {[%emt 0:00:06]} 54. Bxc4 {[%emt 0:00:42]} bxc4+ {[%emt 0:00:08]} 55. Kxc4 {[%emt 0:00:02]} Ke5 {[%emt 0:00:10]} 0-1

[Event "RUDAR 2 IM 2022"]
[Site "Pozarevac"]
[Date "2022.04.06"]
[Round "5.5"]
[White "Dudukovic, Nikola"]
[Black "Rajkovic, Aleksandar"]
[Result "1/2-1/2"]
[WhiteElo "2362"]
[BlackElo "2181"]
[Annotator "TA"]
[PlyCount "152"]
[EventDate "2022.03.27"]
[EventType "tourn"]
[EventCountry "SRB"]
[SourceTitle "playchess.com"]
[Source "ChessBase"]
[SourceQuality "1"]
[TimeControl "40/5400+30:900+30"]

{[%evp 91,152,104,104,104,104,43,97,43,123,54,123,66,123,123,123,123,123,123,123,123,123,123,123,123,123,123,123,123,158,123,123,114,115,115,123,123,123,123,123,123,123,123,135,127,135,116,116,0,127,127,127,128,128,128,128,128,128,128,137,128,128,128,137]} 1. e4 {[%emt 0:00:33]} e5 {[%emt 0:02:28]} 2. Nf3 {[%emt 0:00:18]} Nf6 {[%emt 0:00:34]} 3. Nxe5 {[%emt 0:00:37]} d6 {[%emt 0:00:05]} 4. Nf3 {[%emt 0:00:04]} Nxe4 {[%emt 0:00:05]} 5. Nc3 {[%emt 0:00:06]} Nxc3 {[%emt 0:01:20]} 6. dxc3 {[%emt 0:00:06]} Be7 {[%emt 0:00:06]} 7. Bf4 {[%emt 0:00:20]} Nc6 {[%emt 0:00:26]} 8. Qd2 {[%emt 0:00:08]} Bg4 {[%emt 0:00:19]} 9. Be2 {[%emt 0:01:47]} Qd7 {[%emt 0:00:06]} 10. O-O-O {[%emt 0:00:08]} O-O-O {[%emt 0:00:14]} 11. h3 {[%emt 0:01:10]} Be6 {[%emt 0:07:26]} 12. Ng5 {[%emt 0:04:44]} Bxg5 {[%emt 0:00:45]} 13. Bxg5 {[%emt 0:00:06]} Rde8 {[%emt 0:00:04]} 14. c4 {[%emt 1:27:23]} Bf5 {[%emt 0:09:53]} 15. Rhe1 {[%emt 0:00:00]} Re4 {[%emt 0:03:39]} 16. Qc3 {[%emt 0:00:00]} f6 {[%emt 0:00:54]} 17. Be3 {[%emt 0:00:00]} Qe6 {[%emt 0:04:54]} 18. b3 {[%emt 0:00:00]} Qe5 {[%emt 0:01:40]} 19. Qxe5 {[%emt 0:00:00]} Rxe5 {[%emt 0:00:14]} 20. a3 {[%emt 0:00:00]} Rhe8 {[%emt 0:08:52]} 21. Rd5 {[%emt 0:00:00]} Be4 {[%emt 0:00:19]} 22. Rxe5 {[%emt 0:00:00]} Rxe5 {[%emt 0:00:34]} 23. g4 {[%emt 0:00:00]} a5 {[%emt 0:06:30]} 24. Kd2 {[%emt 0:00:00]} Re7 {[%emt 0:04:37]} 25. Rf1 {[%emt 0:00:00]} g5 {[%emt 0:03:59]} 26. Bd1 {[%emt 0:00:00]} Bg2 {[%emt 0:02:52]} 27. Rg1 {[%emt 0:00:00]} Be4 {[%emt 0:00:21]} 28. f3 {[%emt 0:00:00]} Bg6 {[%emt 0:00:20]} 29. f4 {[%emt 0:00:00]} h6 {[%emt 0:01:16]} 30. h4 {[%emt 0:00:00]} gxf4 {[%emt 0:04:32]} 31. Bxf4 {[%emt 0:00:00]} Rh7 {[%emt 0:06:06]} 32. Re1 {[%emt 0:00:00]} Ne5 {[%emt 0:01:33]} 33. c5 {[%emt 0:00:00]} Kd7 {[%emt 0:01:25]} 34. cxd6 {[%emt 0:00:00]} cxd6 {[%emt 0:00:21]} 35. Rg1 {[%emt 0:00:00]} Ke6 {[%emt 0:03:10]} 36. Be2 {[%emt 0:01:54]} Be4 {[%emt 0:02:37]} 37. Rg3 {[%emt 0:04:26]} Ng6 {[%emt 0:04:26]} 38. Re3 {[%emt 0:00:08]} d5 {[%emt 0:00:24]} 39. Bg3 {[%emt 0:00:53]} f5 {[%emt 0:00:11]} 40. gxf5+ {[%emt 0:00:00]} Kxf5 {[%emt 0:00:00]} 41. Rc3 {[%emt 0:04:45]} Ne5 {[%emt 0:03:27]} 42. Rc8 {[%emt 0:05:54]} Rg7 {[%emt 0:03:50]} 43. Rf8+ {[%emt 0:00:12]} Rf7 {[%emt 0:01:58]} 44. Rxf7+ {[%emt 0:04:09]} Nxf7 {[%emt 0:00:09]} 45. Bc7 {[%emt 0:00:03]} Ne5 {[%emt 0:00:11]} 46. Bxa5 {[%emt 0:00:40]} Nf3+ {[%emt 0:00:06]} 47. Bxf3 {[%emt 0:00:15]} Bxf3 {[%emt 0:00:05]} 48. a4 {[%emt 0:02:18]} (48. Kc3 $16) 48... Ke5 {[%emt 0:00:16]} (48... d4 $14) 49. Bc7+ {[%emt 0:00:54]} (49. Ke3 $16 Be4 50. Bc3+ Ke6 51. Kd2) 49... Ke6 {[%emt 0:00:21]} (49... Ke4 $14) 50. b4 {[%emt 0:00:20]} (50. Bb6 $16) 50... h5 {[%emt 0:00:44]} ({Black should try} 50... d4 $1 $14) 51. b5 {[%emt 0:01:14]} (51. Bb6 $16) 51... Kd7 {[%emt 0:00:23]} (51... d4 $1 $14) 52. Bb6 $16 {[%emt 0:00:17]} Kc8 {[%emt 0:00:11]} 53. Kc3 {[%emt 0:00:09]} Kb8 {[%emt 0:00:17]} 54. a5 {[%emt 0:00:17]} Be2 {[%emt 0:00:27]} 55. Kb4 {[%emt 0:00:06]} Bd1 {[%emt 0:00:29]} 56. c3 {[%emt 0:00:07]} Be2 {[%emt 0:00:08]} 57. Kc5 {[%emt 0:00:06]} Bc4 {[%emt 0:00:44] [#]} 58. Bd8 $1 {[%emt 0:00:12]} Ka7 {[%emt 0:00:38]} 59. Bc7 {[%emt 0:00:32]} Ka8 {[%emt 0:00:40]} 60. Kb6 {[%emt 0:00:48]} Bd3 {[%emt 0:00:24]} 61. a6 {[%emt 0:00:09]} bxa6 {[%emt 0:00:17]} 62. Kxa6 {[%emt 0:00:05]} Be2 {[%emt 0:01:37]} 63. Kb6 {[%emt 0:00:11]} Bd1 {[%emt 0:02:52]} 64. Kc6 {[%emt 0:00:45]} Ba4 {[%emt 0:00:15]} 65. Be5 {[%emt 0:00:23]} Ka7 {[%emt 0:00:12]} 66. Bd4+ {[%emt 0:00:34]} Kb8 {[%emt 0:01:56]} 67. Kb6 {[%emt 0:00:37]} Ka8 {[%emt 0:01:40]} 68. Ka6 {[%emt 0:03:40]} Bd1 {[%emt 0:00:51]} 69. Kb6 {[%emt 0:00:25]} (69. Be5 $16) 69... Bc2 {[%emt 0:01:19]} (69... Ba4 $1 $11 {keeps the balance.}) 70. Be5 {[%emt 0:02:04]} Bd1 {[%emt 0:01:35]} 71. Kc7 {[%emt 0:00:19]} Be2 {[%emt 0:00:14]} 72. Kc6 {[%emt 0:00:06]} Bc4 {[%emt 0:00:27]} 73. Bc7 {[%emt 0:02:00]} Be2 {[%emt 0:00:42]} 74. b6 {[%emt 0:00:11]} Ba6 {[%emt 0:00:15]} 75. Kxd5 {[%emt 0:00:08]} Bb7+ {[%emt 0:00:20]} 76. Kd6 {[%emt 0:00:28]} Bf3 {[%emt 0:00:06]} 1/2-1/2

[Event "RUDAR 2 IM 2022"]
[Site "Pozarevac"]
[Date "2022.04.07"]
[Round "7.1"]
[White "Acor, Corey"]
[Black "Bryakin, Mikhail"]
[Result "0-1"]
[WhiteElo "2326"]
[BlackElo "2481"]
[Annotator "TA"]
[PlyCount "44"]
[EventDate "2022.03.27"]
[EventType "tourn"]
[EventCountry "SRB"]
[SourceTitle "playchess.com"]
[Source "ChessBase"]
[SourceQuality "1"]
[TimeControl "40/5400+30:900+30"]

{[%evp 10,44,10,12,18,25,33,-34,-31,-36,-31,-26,-37,-53,-51,-56,-62,-57,-57,-58,-77,-48,-63,-89,-88,-83,-78,-82,-90,-627,-627,-708,-690,-697,-682,-649,-633]} 1. e4 {[%emt 0:00:04]} c6 {[%emt 0:00:05]} 2. d4 {[%emt 0:00:05]} d5 {[%emt 0:00:04]} 3. e5 {[%emt 0:00:05]} Bf5 {[%emt 0:00:27]} 4. Nd2 {[%emt 0:00:19]} e6 {[%emt 0:00:09]} 5. Nb3 {[%emt 0:00:06]} Nd7 {[%emt 0:00:07]} 6. Nf3 {[%emt 0:00:13]} Qc7 {[%emt 0:00:06] B12: Caro-Kann: Advance Variation.} 7. Be2 {[%emt 0:02:14]} f6 {[%emt 0:00:12][%cal Rf6e5]} 8. exf6 {[%emt 0:00:47]} (8. Bf4 $14) 8... Ngxf6 $15 {[%emt 0:00:20] Black is slightly better.} 9. O-O {[%emt 0:09:09]} Bd6 {[%emt 0:00:17] [#]} 10. h3 $146 {[%emt 0:00:57]} ({Predecessor:} 10. Bg5 O-O 11. Bh4 Ne4 12. c4 Rae8 13. Nbd2 Ndf6 14. Nxe4 Nxe4 15. Bg3 Nxg3 16. hxg3 {0-1 (72) Zinchenko,Y (2546)-Lastin,A (2643) ICC INT 2010}) 10... O-O {[%emt 0:04:39]} 11. c3 {[%emt 0:06:56]} Rae8 {[%emt 0:01:59]} 12. Be3 {[%emt 0:00:55]} e5 {[%emt 0:04:56]} 13. dxe5 {[%emt 0:00:44]} Nxe5 {[%emt 0:00:26]} 14. Re1 {[%emt 0:09:45]} Ne4 {[%emt 0:03:46]} 15. Nxe5 {[%emt 0:08:14]} Bxe5 {[%emt 0:01:08]} 16. Nd2 {[%emt 0:16:24]} Bh2+ {[%emt 0:05:48]} 17. Kh1 {[%emt 0:00:31]} Bf4 {[%emt 0:01:13] [#] Strongly threatening ...Bxe3. &Nero is much more active.} 18. Nxe4 {[%emt 0:07:25] Bxf4 is the strong threat.} Bxe3 {[%emt 0:00:55]} 19. Bh5 $2 {[%emt 0:01:24][%mdl 8192]} Bxe4 $19 {[%emt 0:24:05] Black is clearly winning.} 20. Rxe3 {[%emt 0:34:13] [#]} Rxf2 $1 {[%emt 0:01:13]} 21. Bf3 {[%emt 0:00:00]} Qg3 {[%emt 0:04:08]} ({Weaker is} 21... Rxb2 22. Qc1 Rb5 23. Qd2 $19) 22. Qe1 {[%emt 0:00:00][%cal Rf3e4]} Rxg2 {[%emt 0:00:58] White got outplayed after the opening.  Weighted Error Value: White=0.57/Black=0.01 (flawless)} (22... Rxf3 23. Qxg3 Rxe3 24. Qg4 $17) 0-1

[Event "RUDAR 2 IM 2022"]
[Site "Pozarevac"]
[Date "2022.04.07"]
[Round "7.2"]
[White "Dudukovic, Nikola"]
[Black "Velikic, Adela"]
[Result "1/2-1/2"]
[WhiteElo "2362"]
[BlackElo "2258"]
[Annotator "TA"]
[PlyCount "105"]
[EventDate "2022.03.27"]
[EventType "tourn"]
[EventCountry "SRB"]
[SourceTitle "playchess.com"]
[Source "ChessBase"]
[SourceQuality "1"]
[TimeControl "40/5400+30:900+30"]

{[%evp 64,105,53,70,78,66,247,248,252,239,239,122,123,129,99,64,90,49,53,59,62,41,99,38,37,36,54,32,46,41,102,8,8,8,8,8,8,8,8,8,8,8,8,8]} 1. d4 {[%emt 0:00:30]} d5 {[%emt 0:00:09]} 2. Nf3 {[%emt 0:00:08]} Nf6 {[%emt 0:00:08]} 3. g3 {[%emt 0:00:25]} c6 {[%emt 0:00:40]} 4. Bg2 {[%emt 0:00:06]} Bf5 {[%emt 0:00:08]} 5. O-O {[%emt 0:00:11]} h6 {[%emt 0:00:26]} 6. c4 {[%emt 0:00:41]} e6 {[%emt 0:00:08]} 7. Nc3 {[%emt 0:00:32]} Be7 {[%emt 0:01:38]} 8. Qb3 {[%emt 0:01:18]} Qb6 {[%emt 0:00:32]} 9. c5 {[%emt 0:00:08]} Qxb3 {[%emt 0:00:11]} 10. axb3 {[%emt 0:00:06]} O-O {[%emt 0:01:09]} 11. b4 {[%emt 0:01:22]} a6 {[%emt 0:00:38]} 12. Bf4 {[%emt 0:02:25]} Nbd7 {[%emt 0:04:13]} 13. h3 {[%emt 0:04:18]} g5 {[%emt 0:06:26]} 14. Be3 {[%emt 0:00:33]} Bh7 {[%emt 0:13:58]} 15. Nd2 {[%emt 0:05:27]} Nh5 {[%emt 0:06:28]} 16. Kh2 {[%emt 0:03:59]} Kh8 {[%emt 0:21:29]} 17. Nb3 {[%emt 0:09:00]} Rab8 {[%emt 0:05:30]} 18. Bd2 {[%emt 0:13:27]} f5 {[%emt 0:03:58]} 19. f4 {[%emt 0:00:50]} Rg8 {[%emt 0:06:24]} 20. e3 {[%emt 0:10:03]} Rg7 {[%emt 0:03:00]} 21. Rg1 {[%emt 0:02:31]} Ndf6 {[%emt 0:05:38]} 22. Be1 {[%emt 0:07:34]} Rbg8 {[%emt 0:02:11]} 23. Bf2 {[%emt 0:06:11]} Bd8 {[%emt 0:00:20]} 24. Bf1 {[%emt 0:11:26]} Bc7 {[%emt 0:04:01]} 25. Be2 {[%emt 0:04:50]} Bg6 {[%emt 0:04:52]} 26. Na5 {[%emt 0:00:24]} Bb8 {[%emt 0:07:29]} 27. Bd3 {[%emt 0:02:47]} Rf7 {[%emt 0:00:40]} 28. Kh1 {[%emt 0:03:41]} Ne4 {[%emt 0:00:20]} 29. Nxe4 {[%emt 0:06:44]} fxe4 {[%emt 0:00:04]} 30. Be2 {[%emt 0:00:05]} Nf6 {[%emt 0:00:34]} 31. Raf1 {[%emt 0:00:24]} Bh5 {[%emt 0:01:05]} 32. g4 {[%emt 0:00:39]} Bg6 {[%emt 0:01:22]} 33. Bg3 {[%emt 0:00:49]} gxf4 {[%emt 0:00:37]} 34. Bxf4 {[%emt 0:00:07]} Nd7 $2 {[%emt 0:00:30]} (34... Bxf4 $14 35. Rxf4 Rgf8) 35. Nxb7 $18 {[%emt 0:01:00]} (35. Bxh6 $6 Rh7 $16) 35... e5 {[%emt 0:00:30]} 36. dxe5 {[%emt 0:00:25]} ({Don't do} 36. Bxh6 $6 Rh7 $16) 36... Nxe5 {[%emt 0:00:19]} 37. Bxe5+ {[%emt 0:02:10]} ({Don't play} 37. Bxa6 $6 Nf3) (37. Nd6 $18 Bxd6 38. cxd6) 37... Bxe5 $16 {[%emt 0:00:01]} 38. Rxf7 {[%emt 0:00:09]} Bxf7 {[%emt 0:00:00]} 39. Bxa6 {[%emt 0:00:46]} d4 {[%emt 0:00:42]} 40. exd4 {[%emt 0:00:00]} Bxd4 {[%emt 0:00:00]} 41. Rd1 {[%emt 0:01:41]} Bxb2 {[%emt 0:01:19]} 42. Nd6 {[%emt 0:01:25]} Be6 {[%emt 0:05:42]} (42... Bd5 $14) 43. b5 {[%emt 0:08:29]} (43. Nxe4 $16 Bd5 {[#]} 44. Rxd5 $1 cxd5 45. Nd6) 43... cxb5 $14 {[%emt 0:03:27]} 44. Bxb5 {[%emt 0:00:21]} e3 {[%emt 0:04:26]} 45. c6 {[%emt 0:00:43]} Be5 {[%emt 0:02:22]} 46. c7 {[%emt 0:02:33]} h5 {[%emt 0:00:34]} ({Black should play} 46... Kg7 $14) 47. Bc4 {[%emt 0:01:49]} ({Better is} 47. c8=R $16 Bxc8 48. Nf7+ (48. gxh5 $2 Bxd6 49. Bc6 Bb4 $19) 48... Kg7 49. Nxe5) 47... Bxc4 $11 {[%emt 0:00:54]} 48. Nxc4 {[%emt 0:01:07]} e2 {[%emt 0:00:43]} 49. Re1 {[%emt 0:00:36]} Bxc7 {[%emt 0:00:08]} 50. Rxe2 {[%emt 0:00:13]} hxg4 {[%emt 0:00:08]} 51. hxg4 {[%emt 0:00:04]} Rxg4 {[%emt 0:00:15]} 52. Re8+ {[%emt 0:00:05]} Rg8 {[%emt 0:00:11]} 53. Rxg8+ {[%emt 0:04:43]} 1/2-1/2

[Event "RUDAR 2 IM 2022"]
[Site "Pozarevac"]
[Date "2022.04.07"]
[Round "7.3"]
[White "Anishka Vikram"]
[Black "Ivanovic, Marko"]
[Result "0-1"]
[WhiteElo "2000"]
[BlackElo "2302"]
[Annotator "TA"]
[PlyCount "86"]
[EventDate "2022.03.27"]
[EventType "tourn"]
[EventCountry "SRB"]
[SourceTitle "playchess.com"]
[Source "ChessBase"]
[SourceQuality "1"]
[TimeControl "40/5400+30:900+30"]

{[%evp 56,86,-97,-98,-94,-151,-130,-151,-143,-143,-143,-143,-143,-254,-244,-377,-349,-529,-553,-567,-423,-668,-658,-1015,-970,-29970,-5931,-2136,-908,-29969,-29970,-1653,-1396]} 1. d4 {[%emt 0:00:04]} Nf6 {[%emt 0:01:14]} 2. c4 {[%emt 0:00:09]} g6 {[%emt 0:01:04]} 3. Nc3 {[%emt 0:00:09]} Bg7 {[%emt 0:00:09]} 4. e4 {[%emt 0:00:06]} d6 {[%emt 0:00:07]} 5. Nf3 {[%emt 0:00:04]} O-O {[%emt 0:00:08]} 6. Be2 {[%emt 0:00:03]} Nbd7 {[%emt 0:07:52]} 7. O-O {[%emt 0:00:37]} e5 {[%emt 0:00:38]} 8. d5 {[%emt 0:00:10]} Nc5 {[%emt 0:01:41]} 9. Nd2 {[%emt 0:01:11]} a5 {[%emt 0:01:17]} 10. b3 {[%emt 0:00:17]} Ne8 {[%emt 0:02:40]} 11. a3 {[%emt 0:00:53]} f5 {[%emt 0:00:14]} 12. Rb1 {[%emt 0:01:09]} Bh6 {[%emt 0:01:58]} 13. f3 {[%emt 0:02:38]} Bd7 {[%emt 0:06:07]} 14. b4 {[%emt 0:02:01]} axb4 {[%emt 0:00:35]} 15. axb4 {[%emt 0:00:09]} Be3+ {[%emt 0:00:32]} 16. Kh1 {[%emt 0:00:33]} Na4 {[%emt 0:00:03]} 17. Nxa4 {[%emt 0:05:53]} Bxa4 {[%emt 0:00:16]} 18. Nb3 {[%emt 0:01:00]} Bxc1 {[%emt 0:00:05]} 19. Qxc1 {[%emt 0:01:27]} Qh4 {[%emt 0:00:46]} 20. Qe1 {[%emt 0:21:35]} Qxe1 {[%emt 0:01:59]} 21. Rfxe1 {[%emt 0:00:05]} Bxb3 {[%emt 0:00:04]} 22. Rxb3 {[%emt 0:00:07]} fxe4 {[%emt 0:00:03]} 23. fxe4 {[%emt 0:00:08]} Ra2 {[%emt 0:00:08]} 24. Kg1 {[%emt 0:11:08]} Nf6 {[%emt 0:02:14]} 25. Bf3 {[%emt 0:05:37]} Rc2 {[%emt 0:03:40]} 26. c5 {[%emt 0:00:54]} Ra8 {[%emt 0:00:05]} 27. Rbb1 {[%emt 0:09:19]} Raa2 {[%emt 0:01:32]} 28. Rec1 {[%emt 0:03:33]} g5 {[%emt 0:00:21]} 29. Rxc2 {[%emt 0:06:20]} Rxc2 {[%emt 0:01:02]} 30. g3 {[%emt 0:01:14]} ({White should try} 30. cxd6 cxd6 31. g3) 30... g4 {[%emt 0:00:16]} 31. Bg2 {[%emt 0:00:06]} Kf7 {[%emt 0:00:49]} 32. cxd6 {[%emt 0:00:56]} cxd6 {[%emt 0:00:05]} 33. b5 {[%emt 0:02:51]} Ke7 {[%emt 0:00:36]} 34. Ra1 {[%emt 0:02:35] [#]} (34. Rb4 $17 {might work better.}) 34... Rb2 $1 $19 {[%emt 0:00:32]} 35. Bf1 {[%emt 0:05:18]} (35. Ra5 {was called for.}) 35... Nxe4 $19 {[%emt 0:00:10]} 36. Ra4 {[%emt 0:02:41]} (36. Re1 $142 Nc3 37. Bd3) 36... Ng5 $19 {[%emt 0:02:18]} 37. Bd3 {[%emt 0:07:01]} Rd2 {[%emt 0:01:35]} 38. Ra3 {[%emt 0:02:46]} (38. Be4 $142) 38... e4 $19 {[%emt 0:00:44]} 39. Bc4 {[%emt 0:00:19]} Rc2 {[%emt 0:00:57]} 40. Ba2 {[%emt 0:00:00]} Kf6 {[%emt 0:00:00]} (40... Nf3+ $142 41. Kf1 Rb2 42. Ra4 e3 43. Re4+ Kd7 44. Rxe3 Rxa2 45. Re6 Rxh2 46. Rf6 Ne5 47. Rf5 Rb2 48. b6 Rd2 49. Rh5 Rxd5 50. Rxh7+ Kc6 51. Rh8 Kxb6 52. Rc8 Rc5 53. Rg8 Rc2 54. Ke1 Rg2 55. Kf1 Rxg3 56. Rg7 Kc6 57. Rg8 Rf3+ 58. Kg1 b5 59. Rc8+ Kd5 60. Rb8 Kc5 61. Rc8+ Kd4 62. Rc2 b4 63. Rd2+ Kc5 64. Ra2 b3 65. Ra5+ Kc4 66. Ra1 Kd4 67. Ra6 Nc4 68. Ra4 Kc3 69. Ra8 b2 70. Rb8 Kc2 71. Kh2 b1=Q 72. Rxb1 Kxb1 73. Kh1 Ne3 74. Kh2 Kb2 75. Kh1 g3 76. Kg1 Rf1#) 41. Bb3 {[%emt 0:03:55]} Rb2 {[%emt 0:00:26]} (41... Nf3+ $142 42. Kf1 Rc3) 42. Bc4 {[%emt 0:00:32]} Nf3+ {[%emt 0:00:07]} 43. Kf1 {[%emt 0:00:37]} Nd2+ {[%emt 0:00:05]} 0-1